| 000 | 01198nam a22002537a 4500 | ||
|---|---|---|---|
| 003 | KOHA_MİRAKIL | ||
| 005 | 20260511070438.0 | ||
| 008 | 260507b tu ||||| |||| 00| 0 tur d | ||
| 020 | _a9786052222928 | ||
| 040 |
_aTR-AnABB _btur _cTR-AnABB |
||
| 041 | _atur | ||
| 082 |
_a320.109 561 _bGOK 2024 |
||
| 100 | 1 | _aGökdemir, Orhan | |
| 245 | 1 | 0 |
_aKaranlık yol : _bNakşi- Halidi tarikatı tarihi / _cOrhan Gökdemir |
| 250 | _a2. baskı | ||
| 260 |
_aİstanbul : _bYazılama yayınevi, _c2024 |
||
| 300 |
_a396 sayfa ; _c20 cm |
||
| 490 | 0 |
_aYazılama yayınevi ; _v255 |
|
| 490 | 0 |
_aTürkiye yazıları ; _v51 |
|
| 505 | _aİçindekiler: Yolu asr-ı saadet'ten başlatmak - 31 Mart: Büyük Halidi Ayaklanması - Cumhuriyetten Sonra halidilik - Türkler ve Kürtler: Nakşi Kardeşliği nereye kadar - Karanlık Yol koalisyonu - Türkiye tarikat haritası - Halidliğin ülkücü kolu - Tarikatların dini - Necip Fazıl: Tayyiban Rejimin ideoloğu - Cumhuriyet ve tarikatlar - 12 Eylül'den sonra dinselleşme ve tarikatlar - Tarikat holding - Okyanus ötesi halidi | ||
| 650 | 0 | 4 | _aDin ve siyaset ilişki, Türkiye |
| 900 | _bCan ÇELIK | ||
| 942 |
_2ddc _cBK |
||
| 999 |
_c10383 _d10383 |
||